000 00558nam a22002057a 4500
003 OSt
005 20140310181937.0
008 130724t xxu||||| |||| 00| 0 eng d
020 _a9576063108
050 _aPR 4622
_b.D754 1999
082 _aCLA
_bD77c 1999
100 _aDoyle, Sir Arthur Conan
_93375
245 _aThe case book of Sherlock Holmes /
_cSir Arthur Conan Doyle.
260 _bYohan Publications, Inc.,
_cc1999.
300 _avii, 116 p.
_c18 cm.
562 _e1
650 _aMysteries
_93429
942 _2lcc
_cBBK
_kCLA
999 _c7569
_d7569